|
|
|
|
| LEADER |
00773nam a22001937a 4500 |
| 008 |
130709b xxu||||| |||| 00| 0 eng d |
| 999 |
|
|
|c 943
|d 943
|
| 020 |
|
|
|a 9788126132522
|
| 082 |
|
|
|a 306.0954
|b SEN
|
| 100 |
|
|
|a Sengar, Shailendra
|
| 245 |
|
|
|a Encyclopaedia of Indian culture /
|c Shailendra Sengar
|
| 260 |
|
|
|a New Delhi :
|b Anmol Publication,
|c 2007.
|
| 300 |
|
|
|a 2 v.
|
| 650 |
|
|
|a Culture
|
| 650 |
|
|
|a Indian culture
|
| 650 |
|
|
|a Encyclopedia
|
| 942 |
|
|
|2 ddc
|c BK
|
| 952 |
|
|
|0 0
|1 0
|2 ddc
|4 0
|6 R_700_095400000000000_SEN
|7 0
|8 REF
|9 963
|a MAIN
|b MAIN
|d 2013-07-09
|g 4000.00
|h Vol. 1
|o R 700.0954 SEN
|p 914
|r 2013-07-09
|w 2013-07-09
|y REF
|
| 952 |
|
|
|0 0
|1 0
|2 ddc
|4 0
|6 R_700_095400000000000_SEN
|7 0
|8 REF
|9 964
|a MAIN
|b MAIN
|d 2013-07-09
|g 4000.00
|h Vol. 2
|o R 700.0954 SEN
|p 915
|r 2013-07-09
|w 2013-07-09
|y REF
|